00480 2200205 4500001002100000008004100021035002000062245004000082100002000122250000600142260003200148300001100180084001400191082000800205650001300213990001200226990001200238990001200250990001200262INLIS000000000000650 ind  a0010-0424000626 aRahasia Dibalik JamcClaire Seymour aSeymour, Claire a1 aBandung :bPakar Rayac2007 a32 hlm a600 CLA r a600 aNonfiksi a0721654 a0721655 a0721656 a0721657